| 000 | 00344nab a22001097u 4500 | ||
|---|---|---|---|
| 008 | 130520b2004 xxu||||| |||| 00| 0 spa d | ||
| 041 | _aspa | ||
| 100 | 1 |
_aZanotto, Giuseppe _976809 |
|
| 245 | 0 | 0 |
_aGumersindo Torres: un quijote venezolano _cGiuseppe Zanotto |
| 773 | 0 |
_tAnthropos _gV.25, nº1-2,2004,págs. 117-150 _x0254-1629 _wRev38 |
|
| 942 | _cAR | ||
| 999 |
_c381452 _d381452 |
||